000 00596nam a2200181Ia 4500
008 090124s9999 xx 000 0 und d
082 _b117270
100 _aकालेलकर मधुसूदन
245 _a सागरा प्राण तळमळला
250 _a1
260 _c1978
300 _a73
600 _aकालेलकर मधुसूदन
630 _a सागरा प्राण तळमळला
700 _aकालेलकर मधुसूदन
730 _a सागरा प्राण तळमळला
942 _cBOOK
999 _c163356
_d163356